Statistics for Non-Sovereign Countries and Capital Cities

Click here to take the quiz!

General Stats

  • This quiz has been taken 799 times
    (773 since last reset)
  • The average score is 55 of 144

Answer Stats

ANSWER% Correct
Greenland
74%
Palestine
71%
Puerto Rico
66%
United Kingdom
66%
France
64%
United States
62%
Guam
61%
Faroe Islands
60%
Aruba
59%
Falkland Islands
56%
Denmark
55%
British Virgin Islands
54%
Netherlands
54%
Bermuda
53%
Curaçao
53%
West Island
53%
East Jerusalem (declared) Ramallah and Gaza (de facto)
52%
Cook Islands
50%
French Guiana
50%
French Polynesia
50%
Isle of Man
50%
Australia
49%
Gibraltar
49%
Israel
49%
American Samoa
48%
Abkhazia
47%
Jersey
47%
New Zealand
47%
United States Virgin Islands
47%
Sahrawi Arab Democratic Republic
46%
New Caledonia
45%
Niue
45%
Guernsey
44%
South Ossetia
44%
Christmas Island
43%
Nuuk
43%
Saint Martin
42%
Cayman Islands
41%
Somaliland
41%
Georgia
40%
Anguilla
39%
Pitcairn Islands
36%
San Juan
36%
Sint Maarten
36%
Transnistria
36%
Montserrat
35%
Saint Helena
35%
Turks and Caicos Islands
35%
Northern Cyprus
34%
Cyprus
33%
Easter Island
32%
Morocco
31%
Northern Mariana Islands
31%
Nagorno-Karabakh Republic
30%
Somalia
30%
Azerbaijan
28%
Moldova
28%
Saint Pierre and Miquelon
28%
Norfolk Island
27%
South Georgia and the South Sandwich Islands
26%
Wallis and Futuna
26%
Cayenne
24%
Chile
24%
Cocos (Keeling) Islands
24%
Tristan da Cunha
24%
Stanley
22%
Tórshavn
22%
Douglas
20%
Oranjestad
20%
St. Pierre
20%
Hamilton
19%
Papeete
19%
Willemstad
19%
Akrotiri and Dhekelia
18%
George Town
18%
Georgetown
18%
Northern Nicosia
18%
Nouméa
18%
Ascension Island
15%
Pago Pago
15%
Saint Barthélemy
15%
Tiraspol
15%
St. Helier
13%
Adamstown
12%
Jamestown
12%
Road Town
12%
Saipan
12%
The Valley
12%
Charlotte Amalie
11%
Edinburgh of the Seven Seas
11%
Flying Fish Cove
11%
Plymouth (official) Brades Estate (de facto)
11%
Alofi
10%
Avarua
10%
Sukhumi
10%
Cockburn Town
9%
El Aaiún (declared)
9%
Hagåtña
9%
Hargeisa
9%
Kingston (Putrajaya administrative and judicial)
9%
St. Peter Port
9%
Marigot
8%
Philipsburg
7%
Stepanakert
7%
Gustavia
6%
Mata-Utu (Lobamba royal and legislative)
6%
Episkopi Cantonment
5%
King Edward Point
5%
Tskhinvali
5%
Hanga Roa
3%

Score Distribution

Percentile by Number Answered

Percent of People with Each Score

Your Score History

You have not taken this quiz since the last reset